| 000 | 00645nam a2200157 a 4500 | ||
|---|---|---|---|
| 008 | 160229s2008 ||||||||||||||||| || u | ||
| 020 | _a9780121602406 | ||
| 050 | _aQP 34.5 Cob | ||
| 100 | _aCobelli, Claudio | ||
| 245 | 1 | 0 |
_aIntroduction to modeling in physiology and medicine _cBy Claudio Cobelli and Ewart Carson |
| 260 |
_aAmsterdam _bAcademic Press/Elsevier _c2008 |
||
| 300 | _axii, 324p.: ill. | ||
| 350 | _a114.00 | ||
| 650 | _aPHYSIOLOGY -- MEDICINE | ||
| 995 |
_aMEDICAL LIBRARY OPEN ACCESS _e903362 _FCBU-SCHOOL OF MEDICINE LIBRARY (Ndola) _I114.00 _jQP 34.5 Cob _M1 _UAVAILABLE _WMar 14, 2016 _y903362 _ZMedical Library Open Access Collection |
||
| 999 |
_c31850 _d31850 |
||